Normal view
MARC view
- Melville, George W.
Entry Personal Name
001 - CONTROL NUMBER
- control field: 79570
003 - CONTROL NUMBER IDENTIFIER
- control field: KE-NaSUL
005 - DATE AND TIME OF LATEST TRANSACTION
- control field: 20250825170253.0
008 - FIXED-LENGTH DATA ELEMENTS
- fixed length control field: 250825|| aca||aabn | a|a d
040 ## - CATALOGING SOURCE
- Original cataloging agency: KE-NaSUL
- Transcribing agency: KE-NaSUL
100 ## - HEADING--PERSONAL NAME
- Personal name: Melville, George W.
- Fuller form of name: (George Wallace),
- Dates associated with a name: 1841-1912
670 ## - SOURCE DATA FOUND
- Source citation: Work cat.: (KE-NaSUL)54172: Melville, George W. (George Wallace), 1841-1912., In the Lena Delta, 2001.